| 000 | 00492cam a22002052a 4500 | ||
|---|---|---|---|
| 001 | 012288 | ||
| 003 | AR-FADEU | ||
| 008 | 311216n1981####xxu####################dd | ||
| 020 | _a968-23-1047-4 | ||
| 092 |
_a614.09 _bS574h |
||
| 100 | _aSigerist, Henry | ||
| 245 | _aHitos en la historia de la salud pública | ||
| 260 | _aMéxico | ||
| 260 | _bSiglo XXI | ||
| 260 | _c1981 | ||
| 300 | _a98 p. | ||
| 440 | _aSalud y sociedad | ||
| 650 | _aSALUD PUBLICA-HISTORIA | ||
| 942 | _cBDGR | ||
| 999 |
_c18057 _d18057 |
||